Discursos leídos por don José María Labrador Arjona y ... don José Hernández Díaz en el acto de la recepción pública del primero como académico numerario celebrado el 6 de junio de 1960. (Record no. 91758)

MARC details
000 -LEADER
campo de control de longitud fija 00870nam a2200217 i 4500
001 - NÚMERO DE CONTROL
campo de control 91758
003 - IDENTIFICADOR DE NÚMERO DE CONTROL
campo de control ES-MaACL
005 - FECHA Y HORA DE LA ÚLTIMA TRANSACCIÓN
campo de control 20251002202458.0
007 - CAMPO FIJO DE DESCRIPCIÓN FÍSICA--INFORMACIÓN GENERAL
campo de control de longitud fija t|
008 - DATOS DE LONGITUD FIJA--INFORMACIÓN GENERAL
campo de control de longitud fija 050211s1961 sp |||| | spa d
080 ## - NÚMERO DE LA CLASIFICACIÓN DECIMAL UNIVERSAL
Número de la Clasificación Decimal Universal 75 Arpa Perea, José
100 1# - ENTRADA PRINCIPAL--NOMBRE DE PERSONA
Nombre de persona Labrador Arjona, José María.
9 (RLIN) 69285
245 10 - MENCIÓN DEL TÍTULO
Título Discursos leídos por don José María Labrador Arjona y ... don José Hernández Díaz en el acto de la recepción pública del primero como académico numerario celebrado el 6 de junio de 1960.
260 ## - PUBLICACIÓN, DISTRIBUCIÓN, ETC.
Lugar de publicación, distribución, etc. Sevilla :
Nombre del editor, distribuidor, etc. Real Academia de Bellas Artes de Santa Isabel de Hungría,
Fecha de publicación, distribución, etc. 1961.
300 ## - DESCRIPCIÓN FÍSICA
Extensión 23 p. ;
Dimensiones 24 cm.
600 14 - PUNTO DE ACCESO ADICIONAL DE MATERIA--NOMBRE DE PERSONA
Nombre de persona Arpa Perea, José.
9 (RLIN) 23184
700 1# - ENTRADA AGREGADA--NOMBRE PERSONAL
Nombre de persona Hernández Díaz, José,
Fechas asociadas al nombre 1906-1998
9 (RLIN) 62929
710 2# - ENTRADA AGREGADA--NOMBRE DE ENTIDAD CORPORATIVA
Nombre de entidad corporativa o nombre de jurisdicción como elemento de entrada Real Academia de Bellas Artes de Santa Isabel de Hungría.
9 (RLIN) 6295
852 ## - LOCALIZACIÓN
Ubicación ES-MaACL
Número de control de estantería 2187-F-5
Holdings
Estatus retirado Estado de pérdida Estado de daño No para préstamo Colección Biblioteca de origen Biblioteca actual Ubicación en estantería Fecha de adquisición Fuente de adquisición Total de préstamos Signatura topográfica completa Código de barras Visto por última vez Precio de reemplazo Tipo de ítem Koha
        Colección de folletos Biblioteca del Ateneo de Madrid Biblioteca del Ateneo de Madrid Depósito folletos 17/01/2008     2187-F-5 1095803 23/02/2023 23/02/2023 Folleto